000 00572nam a2200157 i 4500
001 153764
003 ES-MaACL
005 20230906205358.0
008 050708s1879 cu | |||||||| ||spa d
110 1 _aCuba (Capitanía General).
_bGobierno.
_9162187
245 0 0 _aLey hipotecaria de 21 de diciembre de 1869 que empezará a regir desde 1º de enero de 1880.
260 _aHabana :
_b[s.n.],
_c1879 (
_fImp. del Gobierno y Capitanía General por S.M.)
300 _a102 p. ;
_c20 cm.
650 4 _aHipotecas-
_zCuba-
_vLegislación.
_9136232
852 _aES-MaACL
_jC-3421(3)
999 _c153764
_d153764